ARRUPE JESUIT UNIVERSITY

CORONAVIRUS -STOP THE SPREAD - CLEAN,DISINFECT,COVER

Religion and practical reason (Record no. 124297)

MARC details
000 -LEADER
fixed length control field 00632nam a22001697a 4500
008 - FIXED-LENGTH DATA ELEMENTS--GENERAL INFORMATION
fixed length control field 160303b xxu||||| |||| 00| 0 eng d
020 ## - INTERNATIONAL STANDARD BOOK NUMBER
International Standard Book Number 0-7914-2217-8
050 ## - LIBRARY OF CONGRESS CALL NUMBER
Classification number BL51.R3475 1994
100 ## - MAIN ENTRY--PERSONAL NAME
Personal name Reynolds, Frank E.(ed.)
9 (RLIN) 22707
245 ## - TITLE STATEMENT
Title Religion and practical reason
Remainder of title new esays in the comparative philosophy of religions
Statement of responsibility, etc Frank E. Reynolds and Tracy David (ed.)
260 ## - PUBLICATION, DISTRIBUTION, ETC. (IMPRINT)
Place of publication, distribution, etc Albany
Name of publisher, distributor, etc State University of New York Press
Date of publication, distribution, etc 1994
300 ## - PHYSICAL DESCRIPTION
Extent ix, 444p. ;
Dimensions 24cm.
650 ## - SUBJECT ADDED ENTRY--TOPICAL TERM
Topical term or geographic name as entry element Religion
Form subdivision Philosophy
General subdivision Comparative studies
9 (RLIN) 22708
650 ## - SUBJECT ADDED ENTRY--TOPICAL TERM
Topical term or geographic name as entry element Philosophy, Comparative
9 (RLIN) 1620
650 ## - SUBJECT ADDED ENTRY--TOPICAL TERM
Topical term or geographic name as entry element Reason
9 (RLIN) 22709
942 ## - ADDED ENTRY ELEMENTS (KOHA)
Source of classification or shelving scheme Library of Congress Classification
Item type Monograph ( Printed materials)
Holdings
Withdrawn status Lost status Source of classification or shelving scheme Damaged status Not for loan Collection code Home library Current library Shelving location Date acquired Total Checkouts Full call number Barcode Date last seen Price effective from Koha item type
    Library of Congress Classification     Main Collection ARRUPE LIBRARY ARRUPE LIBRARY Main Collection 03/03/2016   BL51.R3475 1994 46500006264 03/03/2016 03/03/2016 Monograph ( Printed materials)

 

Arrupe Library. PO Box MP320 Mt Pleasant, Harare, Zimbabwe
263 242 745411|librarian@aju.ac.zw